00800pam a2200241 a 4500001000800000005001700008008004100025010001700066020003800083020004500121040001800166041000800184080001300192082002000205100000700225101000800232245007600240504005300316906004500369942001200414999001700426952011500443387109920180308033028.0891102s1990 nyu b 001 0 eng  a 89013560  a0814796672 (alk. paper) :c$55.00 a0814796680 (pbk. : alk. paper) :c$25.00 aDLCcDLCdDLC aeng a155.633 00a155.633 ZAN220 a49 aPSI00aEssential papers on the psychology of women /cClaudia Zanardi, editor. aIncludes bibliographical references and indexes. a7bcbccorignewd1eocipf19gy-gencatlg 2ddccBK c44369d44369 00102udc40708PËKGa002b002cPËKGd2018-03-08l0o155.633 ZANp002-3000930r2018-03-08w2018-03-08yBK